Statistics for Scottish Castles

Click here to take the quiz!

General Stats

  • This quiz has been taken 13 times
  • The average score is 5 of 9

Answer Stats

Answer% Correct
Edinburgh Castle
100%
Stirling Castle
90%
Balmoral Castle
80%
Dunrobin Castle
70%
Dunnottar Castle
60%
Crathes Castle
50%
Eilean Donan Castle
50%
Braemar Castle
20%
Castle Stalker
20%

Score Distribution

Percentile by Number Answered

Percent of People with Each Score

Your Score History

You have not taken this quiz